Pětimístné logaritmy a jiné matematické tabulky /

Enregistré dans:
Détails bibliographiques
Auteur principal: Müller, Fritz (Auteur)
Autres auteurs: Schmidtmayer, Josef (Traducteur)
Format: Livre
Langue:tchèque
Publié: Praha : SNTL, 1957
Édition:2.vyd.
Sujets:
Tags: Ajouter un tag
Pas de tags, Soyez le premier à ajouter un tag!

MARC

LEADER 00000nam a22000003a 4500
001 stu39597
005 20150617225725.8
008 930216s1957----cs------------------cze-d
040 |a STU  |b slo 
041 0 |a cze 
044 |a cs 
080 |a 51  |7 stu_us_auth*stu8333 
080 |a 511.132(083.53) 
100 1 |a Müller, Fritz  |4 aut 
245 1 |a Pětimístné logaritmy a jiné matematické tabulky /  |c [aut.]Fritz Müller; Z nem. J. Schmidtmayer 
250 |a 2.vyd. 
260 |a Praha :  |b SNTL,  |c 1957 
300 |a 206 s 
650 7 |a matematika  |2 stusub 
650 7 |a tabuľky  |2 stusub 
650 7 |a Logaritmy  |2 stusub 
700 1 |a Schmidtmayer, Josef  |4 trl 
996 |b 284M022121  |c M*7331-1  |l MMKN  |s A  |a 24  |w stu39597_0001